| 000 | 00666nam a22001817a 4500 | ||
|---|---|---|---|
| 003 | BD-DhUL | ||
| 005 | 20180109115012.0 | ||
| 008 | 180109s1962 bg ||||| |||| 00| 0 ben d | ||
| 040 |
_aBD-DhUL _cBD-DhUL |
||
| 082 |
_a891.442 _bBAM |
||
| 100 | 1 | _aবজলুর রশীদ, আ. ন. ম. | |
| 245 | 0 |
_aমেহের-নিগার ও অন্যান্যিকা / _cআ. ন. ম. বজলুর রশীদ |
|
| 260 |
_aঢাকা : _bস্টুডেন্ট ওয়েজ, _c১৯৬২। |
||
| 300 |
_a৬৮ পৃ. ; _c২১ সে.মি. |
||
| 650 | 0 | _aবাংলা নাটক | |
| 650 | 0 | _aBengali drama | |
| 942 |
_2ddc _cBK |
||
| 999 |
_c236931 _d236931 |
||